Fifa 22 Top 50 Centre-Midfielders - Statistics

General Stats
  • This quiz has been taken 237 times
  • The average score is 32 of 50
Answer Stats
Rating Club Nation Player % Correct
91 Manchester City Belgium Kevin De Bruyne
99%
87 Real Madrid Croatia Luka Modric
99%
88 Real Madrid Germany Toni Kroos
99%
87 FC Barcelona Netherlands Frenkie De Jong
97%
87 Manchester United France Paul Pogba
96%
87 PSG Italy Marco Verratti
93%
86 Liverpool Spain Thiago Alcantara
93%
85 Manchester City Germany Ilkay Gundogan
89%
85 Chelsea Italy Jorginho
88%
85 Atletico Madrid Spain Koke
84%
87 Bayern Munich Germany Leon Goretzka
84%
85 Latium Serbia Sergej Milinkovic-Savic
79%
83 Real Madrid Uruguay Federico Valverde
78%
83 Chelsea Croatia Mateo Kovacic
78%
83 Arsenal Ghana Thomas Partey
78%
84 Inter Milan Italy Nicolo Barella
77%
84 Leicester City Belgium Youri Tielemans
77%
86 Villarreal CF Spain Daniel Parejo
74%
84 Bayern Munich Austria Marcel Sabitzer
74%
82 Sevilla FC Croatia Ivan Rakitic
72%
82 Inter Milan Denmark Christian Eriksen
71%
81 FC Barcelona Spain Pedri
71%
84 PSG Netherlands Georginio Wijnaldum
69%
82 Wolves Portugal Ruben Neves
69%
86 Atletico Madrid Spain Marcos Llorente
68%
81 Inter Milan Chile Arturo Vidal
67%
80 Vissel Kobe Spain Andres Iniesta
66%
82 Besiktas Bosnia-Herzegovina Miralem Pjanic
64%
82 Chelsea Spain Saul Niguez
62%
81 Manchester United Netherlands Donny Van De Beek
59%
82 Atletico Madrid Argentina Rodrigo De Paul
59%
81 Piemonte Calcio France Adrien Rabiot
57%
82 Borussia Dortmund Germany Emre Can
57%
82 Napoli Spain Fabian
56%
81 Napoli Poland Piotr Zielinski
56%
83 Piemonte Calcio Brazil Arthur
54%
81 Tottenham Hotspur Argentina Giovani Lo Celso
52%
81 Southampton England James Ward-Prowse
52%
83 Real Sociedad Spain Mikel Merino
45%
81 Atletico Madrid Mexico Hector Herrera
43%
81 Olympique Lyon Brazil Lucas Paqueta
39%
83 Real Betis Spain Sergio Canales
38%
81 Olympique Lyon France Houssem Aouar
36%
83 Al-Ahli Brazil Paulinho
36%
81 RB Leipzig Slovenia Kevin Kampl
34%
82 Borussia Monchengladbach Germany Florian Neuhaus
29%
81 Valencia CF Spain Carlos Soler
24%
81 SL Benfica Portugal Pizzi
22%
82 Levante UD Spain Jose Campana
19%
80 Sevilla FC Spain Joan Jordan
18%
No matching quizzes found
Score Distribution
Percent of People with Each Score
Percentile by Number Answered
Your Score History
You have not taken this quiz